000 00622nam a2200193Ii 4500
003 JO-AjNU
008 230605s9999||||xx |||||||||||||| ||und||
040 _aJO-AjNU
_bara
_erda
_cJO-AjNU
041 _aara
050 1 4 _aB53.M8388.1988
100 3 _aسالم،محمد عزيز نظمي ,
_eauthor
_97494
245 0 0 _aدراسات ومذاهب
264 3 1 _aالاسكندرية:مؤسسة شباب الجامعة ،1988
300 _a502ص
336 _atext
_btxt
_2rdacontent
337 _aunmediated
_bn
_2rdamedia
338 _avolume
_bnc
_2rdacarrier
650 4 _aفلسفة-تاريخ-فلسفة-مذاهب
_97495
999 _aA307
_c3875
_d3875